Play at the center of the curriculum

সংরক্ষণ করুন:
গ্রন্থ-পঞ্জীর বিবরন
অন্যান্য লেখক: Alward, Keith, Hoorn, Judith Van, Nourot, Patricia, Scales, Barbara
বিন্যাস: গ্রন্থ
ভাষা:Vietnamese
English
প্রকাশিত: New York Maxwell Macmillan International 1993
বিষয়গুলি:
ট্যাগগুলো: ট্যাগ যুক্ত করুন
কোনো ট্যাগ নেই, প্রথমজন হিসাবে ট্যাগ করুন!
Thư viện lưu trữ: Trung tâm Học liệu Lê Vũ Hùng, Trường Đại học Đồng Tháp
LEADER 00885aam a22002778a 4500
001 00042475
005 20181002091018.0
008 120403s2006 ||||||viesd
041 0 # |a eng 
082 1 4 |a 155.4  |b PL112A 
245 1 0 |a Play at the center of the curriculum  |c Judith Van Hoorn ... [et al.] 
260 # # |a New York  |b Maxwell Macmillan International  |c 1993 
300 # # |a xii, 273 p.  |c 20 cm. 
504 # # |a Includes bibliographical references (p. 249-261) and index. 
653 # # |a Psychological 
653 # # |a Child development 
653 # # |a Trẻ em 
653 # # |a Tâm lý học 
653 # # |a Trẻ mẫu giáo 
700 1 # |a Alward, Keith 
700 1 # |a Hoorn, Judith Van 
700 1 # |a Nourot, Patricia 
700 1 # |a Scales, Barbara 
852 # # |j KD.0024742 
910 |d 02/10/2018 
980 # # |a Trung tâm Học liệu Lê Vũ Hùng, Trường Đại học Đồng Tháp